Традиционная Япония (Запись № 893759)

Подробности
000 -МАРКЕР
контрольное поле 01584nam0a22003851 4500
001 - ИДЕНТИФИКАТОР ЗАПИСИ
контрольное поле RU\NLR\bibl\1066291
005 - ИДЕНТИФИКАТОР ВЕРСИИ
контрольное поле 20250615042118.0
010 ## - МЕЖДУНАРОДНЫЙ СТАНДАРТНЫЙ НОМЕР КНИГИ (ISBN)
Номер (ISBN) 5-9524-2473-2
Тираж 5000
021 ## - НОМЕР ГОСУДАРСТВЕННОЙ РЕГИСТРАЦИИ
Код страны Российская Федерация
Номер 2007-54367
Номер Листа государственной регистраци 2889
035 ## - ДРУГИЕ СИСТЕМНЫЕ НОМЕРА
Идентификатор записи (nilc)EL/0000113055
035 ## - ДРУГИЕ СИСТЕМНЫЕ НОМЕРА
Идентификатор записи (NLR Aleph) 001053543
100 ## - ДАННЫЕ ОБЩЕЙ ОБРАБОТКИ
Данные общей обработки 20070320d2006 |||y0rusy50 ca
101 1# - ЯЗЫК РЕСУРСА
Язык текста, звукозаписи и т.д. русский
Язык оригинала английский
102 ## - СТРАНА ПУБЛИКАЦИИ ИЛИ ПРОИЗВОДСТВА
Страна публикации Российская Федерация
105 ## - ПОЛЕ КОДИРОВАННЫХ ДАННЫХ: ТЕКСТОВЫЕ МАТЕРИАЛЫ, МОНОГРАФИЧЕСКИЕ
Кодированные данные о монографическом текстовом документе ab z |||||
200 1# - ЗАГЛАВИЕ И СВЕДЕНИЯ ОБ ОТВЕТСТВЕННОСТИ
Основное заглавие Традиционная Япония
Сведения, относящиеся к заглавию быт, религия, культура
Первые сведения об ответственности Чарльз Данн
Последующие сведения об ответственности [пер. с англ. О.Д. Сидоровой]
210 ## - ПУБЛИКАЦИЯ, РАСПРОСТРАНЕНИЕ И ДР.
Место издания, распространения и т.д. Москва
Имя издателя, распространителя и т. д. Центрполиграф
Дата издания, распространения и т.д. 2006
215 ## - ФИЗИЧЕСКАЯ ХАРАКТЕРИСТИКА
Специфическое обозначение материала и объем 220, [2] с., [4] л. ил.
Другие сведения о физической характеристике ил., карт.
Размеры 21
300 ## - ОБЩИЕ ПРИМЕЧАНИЯ
Текст примечания Загл. и авт. ориг.: Everyday life in traditional Japan / Charles J. Dunn
454 #0 - ОРИГИНАЛ (ПЕРЕВОДА)
Встроенное поле 2001#$aEveryday life in traditional Japan$fCharles J. Dunn
-- 700#1$aDunn$bC. J.$gCharles J.$4070
Заглавие Everyday life in traditional Japan
Автор Dunn, Charles J.
607 ## - ГЕОГРАФИЧЕСКОЕ НАИМЕНОВАНИЕ КАК ПРЕДМЕТ
Географическое наименование Япония
Тематический подзаголовок История
Хронологический подзаголовок 17 - 19 вв.
Системный номер авторитетной/нормативной записи 1769013
Идентификатор авторитетной/нормативной записи RU\NLR\auth\661089003
607 ## - ГЕОГРАФИЧЕСКОЕ НАИМЕНОВАНИЕ КАК ПРЕДМЕТ
Географическое наименование Япония
Тематический подзаголовок Быт и нравы
-- История
Системный номер авторитетной/нормативной записи 2111456
Идентификатор авторитетной/нормативной записи RU\NLR\auth\661276032
686 ## - ИНДЕКСЫ ДРУГИХ КЛАССИФИКАЦИЙ
Индекс 63.5
Издание LBC/PL
Код системы
686 ## - ИНДЕКСЫ ДРУГИХ КЛАССИФИКАЦИЙ
Индекс Т3(5Я)4,02
700 #1 - ИМЯ ЛИЦА - ПЕРВИЧНАЯ ОТВЕТСТВЕННОСТЬ
Начальный элемент ввода Данн
Часть имени, кроме начального элемента ввода Ч.
Расширение инициалов личного имени Чарльз
Код отношения Автор
801 #0 - ИСТОЧНИК ЗАПИСИ
Страна Российская Федерация
Организация ЦУНБ Москва
Дата составления 20070320
Правила каталогизации rcr
801 #1 - ИСТОЧНИК ЗАПИСИ
Страна Российская Федерация
Организация ЦУНБ Москва
Дата составления 20070320
801 #2 - ИСТОЧНИК ЗАПИСИ
Страна Российская Федерация
Организация NLR
Дата составления 20070330
Правила каталогизации rcr
852 ## - МЕСТОНАХОЖДЕНИЕ И ШИФР ХРАНЕНИЯ
Идентификатор организации NLR
Наименование фонда или коллекции (Sub-Location Identifier) ОЛСАА-сл-спр
Шифр хранения (Call Number) 3-4464
942 ## - ДОПОЛНИТЕЛЬНЫЕ ЭЛЕМЕНТЫ ЗАПИСИ (АБИС)
Тип экземпляра АБИС Книга
980 ## - КОЛЛЕКЦИЯ
Название коллекции Национальная библиография
980 1# - КОЛЛЕКЦИЯ
Название коллекции
Экземпляры
Тип экземпляра Дата поступления Источник поступления Библиотека постоянного хранения Библиотека текущего хранения Место хранения Шифр хранения Штрих-код Статус экземпляра Стоимость
Книга 30.03.2007 Покупка РНБ (Московский) РНБ (Московский) Русский книжный фонд: издания с 1957 года 2007-3/9841 1-84574    
Книга 30.03.2007 Покупка РНБ (Московский) РНБ (Московский) Фонд общего зала социально-экономической литературы С1 Т3(5Я)/Д-187 1-531293   79.00
Книга 30.03.2007 Покупка РНБ (Московский) РНБ (Московский) Фонд литературы на языках стран Азии и Африки, подручный   2399406    
Книга 20.09.2007 Обязательный экземпляр РНБ (Московский) РНБ (Московский) Русский книжный фонд: издания с 1957 года 2007-3/9841 2510256    
Книга 30.03.2007 Покупка РНБ (Садовая) РНБ (Садовая) Универсальный читальный зал У Т3(5Я)/Д-187 1-117287    
Книга 30.03.2007 Обязательный экземпляр РНБ (Садовая) РНБ (Садовая) Фонд Абонемента (Садовая) Аб Т3(5Я)/Д-18 2399412    
Книга 30.03.2007 Покупка РНБ (Фонтанка) РНБ (Фонтанка) Юношеский читальный зал Ю Т3(5Яп)/Д-18 1-178695